000 00845nam a22002177a 4500
003 OSt
005 20260311052218.0
008 260311b |||||||| |||| 00| 0 eng d
020 _a0448089335
040 _aDWCL GS lib
_cOC
082 _aFic. D621y 2008
100 _aDixon Franklin W.
245 _aThe Yellow Feather Mystery
_cFranklin W. Dixon
260 _aCanada
_bFranklin W. Dixon
_c1953
300 _aExtent- vii, 181 pages:
_billustrations ;
_c20cm
520 _aFrank and Joe Hardy help Greg Woodson locate his grandfather’s missing will to prevent the villainous headmaster, Henry Kurt, from stealing the family boarding school.
650 _aas they try to prove the rightful heir to the Woodson Academy.
650 _aintegrity, perseverance, and the dangers of greed.
700 _aFranklin W. Dixon
942 _2ddc
_cFIC.
_n0
999 _c8927
_d8927